Normal view
MARC view
- Clocks and watches
Entry Topical Term
001 - CONTROL NUMBER
- control field: 7310
003 - CONTROL NUMBER IDENTIFIER
- control field: OSt
005 - DATE AND TIME OF LATEST TRANSACTION
- control field: 20170523152847.0
008 - FIXED-LENGTH DATA ELEMENTS
- fixed length control field: 170523|| aca||aabn | a|a d
040 ## - CATALOGING SOURCE
- Original cataloging agency: OSt
- Transcribing agency: OSt
150 ## - HEADING--TOPICAL TERM
- Topical term or geographic name entry element: Clocks and watches
- General subdivision: Collectors and collecting.
670 ## - SOURCE DATA FOUND
- Source citation: Work cat.: (OSt): Leibe, Frankie. 7309, Watches :, 1999

PORTAL AKMAL
E-MEL JKDM
AKMAL2U
G-BAM
u-PUSTAKA